000 00597nam a2200193Ia 4500
008 131103s9999 xx 000 0 und d
020 _a0 7005 1212 8
040 _aLoreto College
041 _aEnglish
082 _a510.7/HAR
_bLCBED/11513
100 _aHart,Kathleen
245 _aChildren's mathematical frameworks 8 - 13
_b a study of classroom teaching
_cKathleen Hart & Others; edited by David C. Johnson
260 _aEngland
_bNfer - Nelson
_c1989
300 _axi,226p.
_c 22cm.
650 _aMathematics
700 _aJohnson, David C.
850 _aLCBED/510.7/HAR
942 _cBK
999 _c28330
_d78809